The Diverse World of PDEs: Algebraic and Cohomological Aspects (Record no. 1715490)
[ view plain ]
| 000 -LEADER | |
|---|---|
| fixed length control field | 00352 a2200121 4500 |
| 000 - LEADER | |
| fixed length control field | nam a22 7a 4500 |
| 005 - DATE AND TIME OF LATEST TRANSACTION | |
| control field | 20260316120036.0 |
| 020 ## - INTERNATIONAL STANDARD BOOK NUMBER | |
| International Standard Book Number | 9781470473556 |
| 100 ## - MAIN ENTRY--PERSONAL NAME | |
| Personal name | I. S. Krasil'shchik |
| 9 (RLIN) | 1132147 |
| 245 ## - TITLE STATEMENT | |
| Title | The Diverse World of PDEs: Algebraic and Cohomological Aspects |
| 260 ## - PUBLICATION, DISTRIBUTION, ETC. | |
| Name of publisher, distributor, etc. | American Mathematical Society |
| Date of publication, distribution, etc. | 2023 |
| 942 ## - ADDED ENTRY ELEMENTS (KOHA) | |
| Koha item type | Textual |
| Withdrawn status | Lost status | Source of classification or shelving scheme | Damaged status | Not for loan | Home library | Current library | Date acquired | Source of acquisition | Cost, normal purchase price | Inventory number | Total Checkouts | Barcode | Date last seen | Cost, replacement price | Price effective from | Koha item type |
|---|---|---|---|---|---|---|---|---|---|---|---|---|---|---|---|---|
| Colon Classification (CC) | Ordered | South Campus Library | South Campus Library | 2026-03-16 | 64 | 9341.28 | 095 & 26/12/2025 | SC1809420 | 2026-03-16 | 12054.90 | 2026-03-16 | Textual |
